| 000 | 01221nam a2200265Ia 4500 | ||
|---|---|---|---|
| 003 | OSt | ||
| 005 | 20211111160942.0 | ||
| 008 | 210310s2000 ck gr 000 0 spa d | ||
| 020 | _a9586164454 | ||
| 040 |
_aCO-JMCR _cCO-JMCR |
||
| 041 | 0 | _aspa | |
| 082 | 0 | 4 |
_a330.986105 / _bL864o _223 |
| 100 | 1 |
_aLópez Garavito, Luis Fernando, _eautor _929008 |
|
| 245 | 1 | 0 |
_aOrigen y fundamentos de la hacienda y la economía colombianas / _cLuis Fernando López Garavito |
| 250 | _aPrimera edición | ||
| 260 |
_aBogotá : _bPanamericana, _c2000. |
||
| 300 |
_a404 páginas ; _c24 cm. |
||
| 500 | _aIncluye índices. | ||
| 504 | _aBibliografía : páginas 393-397. | ||
| 505 | 0 | _aGuerra y crisis, economía y derecho. -- Génesis del sistema. -- Evolución de la hacienda y el tesoro en el periodo 1840-1861. -- Evolución de la hacienda y el tesoro en el periodo 1863-1886. -- La hacienda pública desde la reforma constitucional de 1886 hasta fines del siglo XIX. -- Reformas constitucionales del régimen de hacienda y tesoro durante el siglo XIX. | |
| 650 | 1 | 4 |
_aFundamentos de la hacienda _941500 |
| 650 | 2 | 4 |
_aHacienda y economía _zColombia _941501 |
| 650 | 2 | 4 |
_aReformas constitucionales _941502 |
| 942 |
_2ddc _cBK |
||
| 999 |
_c12711 _d12711 |
||